• 首页
  • 本馆介绍
  • 公告通知
  • 最新文献
  • 馆藏检索
  • 电子资源
  • 读者导购
  • 参考咨询
  • 我的图书馆
  • 登录
  • 详细信息显示
  • 放入我的书架
  • 预约/预借图书
  • 作者相关作品
  • 分类相关作品
  • 丛书相关作品
  • 出版社相关作品

书目信息

  • 表格格式
  • 工作单格式
  • 卡片格式
题名:
反馈
    
 
作者: 邵亮 , 杨来喜 主编
分册:  
出版信息: 上海   上海教育出版社  2004
页数: 19,154页
开本: 20cm
丛书名: 小学课堂教学微观技术丛书
单 册:
中图分类: G622.421
科图分类:
主题词: 课堂教学--教学研究--小学
电子资源:
ISBN: 7-5320-9281-X
000 00877oam2 2200277 450
001 070026661420
005 20051229144911.39
010    @a7-5320-9281-X@dCNY13.00
092    @aCN
100    @a20050705d2004 ekmy0chiy0120 ea
101 0  @achi
102    @aCN@b310000
105    @ay z 000yy
200 1  @a反馈@9fan kui@f邵亮,杨来喜主编@Fshao liang,yang lai xi zhu bian
210    @a上海@c上海教育出版社@d2004
215    @a19,154页@d20cm
225 2  @a小学课堂教学微观技术丛书
330    @a本书论述了小学课堂教学反馈技术的概念、意义及实施原则和基本框架,以及在教学活动中进行反馈教学研究的成果。
461  0 @12001 @a小学课堂教学微观技术丛书
606 0  @a课堂教学@x教学研究@x小学
690    @aG622.421@v4
701  0 @a邵亮@Ashao liang@4主编
701  0 @a杨来喜@Ayang lai xi@4主编
801  0 @aCN@bNLC@c20051229
905    @a10447@dG622.421@e150:4
999    @aAFJ
    
    反馈/邵亮,杨来喜主编.-上海:上海教育出版社,2004
    19,154页;20cm.-(小学课堂教学微观技术丛书)
    
    
    ISBN 7-5320-9281-X:CNY13.00
    本书论述了小学课堂教学反馈技术的概念、意义及实施原则和基本框架,以及在教学活动中进行反馈教学研究的成果。
●
相关链接 在E读中查询图书 在五车中查询图书 在当当中查询图书 在豆瓣中查询图书


正题名:反馈     索取号:G622.421/150:4         预约/预借

序号 登录号 条形码 馆藏地/架位号 状态 备注
1 0373085   203730855   第一样本阅览室/ [索取号:G622.421/150:4] 在馆    
2 0373086   203730864   第四借阅区/ [索取号:G622.421/150:4] 在馆    
3 0373087   203730873   第四借阅区/ [索取号:G622.421/150:4] 在馆    
唐山师范学院图书馆 欢迎您!
大连网信软件有限公司© 版权所有